فتوح البلدان ;; Futūḥ al-buldān / (Record no. 78832)
[ view plain ]
| 000 -LEADER | |
|---|---|
| fixed length control field | 00967cam a2200229 i 4500 |
| 001 - CONTROL NUMBER | |
| control field | 78832 |
| 003 - CONTROL NUMBER IDENTIFIER | |
| rucl marc code | BD-RjUL |
| 005 - DATE AND TIME OF LATEST TRANSACTION | |
| control field | 20250527095129.0 |
| 008 - FIXED-LENGTH DATA ELEMENTS--GENERAL INFORMATION | |
| fixed length control field | 870317s1957 le b 001 0 ara |
| 035 ## - SYSTEM CONTROL NUMBER | |
| System control number | (BD-RjUL)79059 |
| 040 ## - CATALOGING SOURCE | |
| Original cataloging agency | Princeton Univ. Libr. |
| Language of cataloging | eng |
| Description conventions | rda |
| Transcribing agency | CUY |
| Modifying agency | OCLCQ |
| -- | OCLCG |
| -- | OCLCA |
| -- | OCLCF |
| -- | OCLCQ |
| -- | OCLCO |
| -- | UkOxU |
| 041 ## - LANGUAGE CODE | |
| Language code of text/sound track or separate title | ara |
| 082 ## - DEWEY DECIMAL CLASSIFICATION NUMBER | |
| Edition number | 23 |
| Classification number | 297.09 |
| Author mark and year | BAF 1952 |
| 100 1# - MAIN ENTRY--PERSONAL NAME | |
| Personal name | بلاذري ، ابي الحسن ;; Baladhri, Abi Al-Hassan. |
| Dates associated with a name | -892, |
| Relator term | author. |
| 9 (RLIN) | 249181 |
| 245 10 - TITLE STATEMENT | |
| Title | فتوح البلدان ;; Futūḥ al-buldān / |
| Statement of responsibility, etc. | تصنيف أبي الحسن البلاذري ;; taṣnīf Abī al-ʻHasan Aḥmad al-Balādhurī, |
| 264 #1 - PRODUCTION, PUBLICATION, DISTRIBUTION, MANUFACTURE, AND COPYRIGHT NOTICE | |
| Place of production, publication, distribution, manufacture | القاهرة : . |
| Name of producer, publisher, distributor, manufacturer | المكتبه التجارية الكبرى، |
| Date of production, publication, distribution, manufacture, or copyright notice | 1932 1350 |
| 300 ## - PHYSICAL DESCRIPTION | |
| Pagination | 460 pages ; |
| Size | 22 cm |
| 504 ## - BIBLIOGRAPHY, ETC. NOTE | |
| Bibliography, etc | Includes index and bibliographical references. |
| 651 #0 - SUBJECT ADDED ENTRY--GEOGRAPHIC NAME | |
| Geographic name | Islamic Empire |
| General subdivision | History. |
| 9 (RLIN) | 250238 |
| Geographic name | Islamic Empire. |
| Source of heading or term | fast |
| Authority record control number | (OCoLC)fst01244134 |
| 9 (RLIN) | 250239 |
| 942 ## - ADDED ENTRY ELEMENTS (KOHA) | |
| Source of classification or shelving scheme | Dewey Decimal Classification |
| Koha item type | Books |
| Lost status | Source of classification or shelving scheme | Damaged status | Not for loan | Collection code | Permanent Location | Current Location | Shelving location | Date acquired | Source of acquisition | Total Checkouts | Full call number | Date last seen | Copy number | Koha item type |
|---|---|---|---|---|---|---|---|---|---|---|---|---|---|---|
| Dewey Decimal Classification | Non-fiction | Central Library, University of Rajshahi | Central Library, University of Rajshahi | 07/04/1994 | rul photo copy | A 297.09 BAF 1952 | 20/11/2021 | C-2 | Books | |||||
| Dewey Decimal Classification | Non-fiction | Central Library, University of Rajshahi | Central Library, University of Rajshahi | General Stacks | 20/12/2021 | A 297.09 BAF 1952 | 20/12/2021 | C-3 | Books | |||||
| Dewey Decimal Classification | Non-fiction | Central Library, University of Rajshahi | Central Library, University of Rajshahi | General Stacks | 15/02/2022 | A 297.09 BAF 1959 | 15/02/2022 | C-4 | Books | |||||
| Dewey Decimal Classification | Non-fiction | Central Library, University of Rajshahi | Central Library, University of Rajshahi | General Stacks | 15/02/2022 | A 297.09 BAF 1959 | 15/02/2022 | C-5 | Books |